00273pam a2200109 a 4500020000500000041000500005082001600010100002500026245005500051260004000106300001700146 c h a751.45bBAR aBarringform Barber . aThe fundaments of Oil PaintinghTextual Documents a[s.l]:bArcturus Publishing,c2012. a160:bpaper.